00547cam a22001812 4500001001100000005001700011008004100028020001400069040001500083050001600098245007400114260003600188300002100224650002400245650002500269700003300294700003800327000000489220151217151944.0070531s xx 000 0 eng d cKES 1,200 aKABUcKABU 0aRA773b.H4310aHealth at its best /cEditors: M. H. Schaffner, Dorothy V. Schaffner. bAfrica Herald Publishing,cn.d. a127 p. ;c25 cm. 0aHealth.@0000036860 0aHygiene.@00001558121 aSchaffner, M. H.@00001558131 aSchaffner, Dorothy V.@0000155814